Statistics for World Cities 1,000 km Away from Capitals and Larger City

Click here to take the quiz!

General Stats

  • This quiz has been taken 45 times
  • The average score is 18 of 36

Answer Stats

D2C-L City % Correct
2,729Perth
100%
1,092Seattle
100%
1,282Dallas
97%
2,479Los Angeles
97%
2,134Anchorage
95%
1,154Mumbai
89%
1,437Nuuk
89%
1,284Alice Springs
84%
1,114Manaus
81%
3,663Honolulu
73%
1,630Recife
73%
1,057Ürümqi
70%
1,099Belém
65%
1,082Chengdu
57%
1,353Yakutsk
49%
1,083Townsville
46%
1,512Petropavlovsk-Kamchatsky
38%
1,083Saint George's
35%
1,082Norilsk
32%
2,429Edinburgh of the Seven Seas
32%
2,409Faaa
32%
3,535Hanga Roa
30%
1,492Anadyr
30%
1,296Georgetown
27%
3,345Port-aux-Français
27%
1,021Port Hedland
24%
1,046Jayapura
24%
1,484Saipan
24%
1,139Avarua
24%
3,482McMurdo Station
24%
1,456Grytviken
22%
1,054Puerto Ayora
16%
1,895Tabwakea
16%
1,400Atuona
16%
1,536Rikitea
14%
1,918Half Tree Hollow
11%

Score Distribution

Percentile by Number Answered

Percent of People with Each Score

Your Score History

You have not taken this quiz